<?xml version="1.0" encoding="UTF-8"?>
<record
    xmlns:xsi="http://www.w3.org/2001/XMLSchema-instance"
    xsi:schemaLocation="http://www.loc.gov/MARC21/slim http://www.loc.gov/standards/marcxml/schema/MARC21slim.xsd"
    xmlns="http://www.loc.gov/MARC21/slim">

  <leader>00755cam a2200205Ii 4500</leader>
  <datafield tag="020" ind1=" " ind2=" ">
    <subfield code="a">0803114141</subfield>
  </datafield>
  <datafield tag="040" ind1=" " ind2=" ">
    <subfield code="c">GZM</subfield>
  </datafield>
  <datafield tag="082" ind1=" " ind2=" ">
    <subfield code="a">632 COL 1992 A052 Or.</subfield>
  </datafield>
  <datafield tag="245" ind1="0" ind2="0">
    <subfield code="a">Pesticide formulations and application systems :</subfield>
    <subfield code="b">11th volume /</subfield>
  </datafield>
  <datafield tag="300" ind1=" " ind2=" ">
    <subfield code="a">viii, 294 pages :</subfield>
    <subfield code="b">illustrations ;</subfield>
    <subfield code="c">24 cm</subfield>
  </datafield>
  <datafield tag="490" ind1="1" ind2=" ">
    <subfield code="a">STP ;</subfield>
  </datafield>
  <datafield tag="500" ind1=" " ind2=" ">
    <subfield code="a">"Contains papers presented at the symposium ... held in San Antonio, TX on 14-15 Nov. 1991"--Foreword</subfield>
  </datafield>
  <datafield tag="500" ind1=" " ind2=" ">
    <subfield code="a">Sponsored by ASTM Committee E-35 on Pesticides and its Subcommittee E35.22 on Pesticide Formulations and Application Systems</subfield>
  </datafield>
  <datafield tag="500" ind1=" " ind2=" ">
    <subfield code="a">"ASTM publication code number (PCN) 04-011120-48."</subfield>
  </datafield>
  <datafield tag="650" ind1=" " ind2="0">
    <subfield code="a">Pesticides</subfield>
  </datafield>
  <datafield tag="650" ind1=" " ind2="0">
    <subfield code="a">Pesticides</subfield>
  </datafield>
  <datafield tag="700" ind1="1" ind2=" ">
    <subfield code="a">Bode, L. E</subfield>
  </datafield>
  <datafield tag="700" ind1="1" ind2=" ">
    <subfield code="a">Chasin, D. G</subfield>
  </datafield>
  <datafield tag="942" ind1=" " ind2=" ">
    <subfield code="c">EK</subfield>
  </datafield>
  <datafield tag="999" ind1=" " ind2=" ">
    <subfield code="c">14785</subfield>
    <subfield code="d">14785</subfield>
  </datafield>
  <datafield tag="952" ind1=" " ind2=" ">
    <subfield code="0">0</subfield>
    <subfield code="1">0</subfield>
    <subfield code="4">0</subfield>
    <subfield code="6">632_000000000000000_COL_1992_A052_OR</subfield>
    <subfield code="7">0</subfield>
    <subfield code="9">67346</subfield>
    <subfield code="a">LBA</subfield>
    <subfield code="b">LBA</subfield>
    <subfield code="c">A052</subfield>
    <subfield code="d">2017-10-25</subfield>
    <subfield code="o">632 COL 1992 A052 Or.</subfield>
    <subfield code="p">A22073</subfield>
    <subfield code="r">2017-10-25</subfield>
    <subfield code="w">2017-10-25</subfield>
    <subfield code="y">EK</subfield>
  </datafield>
  <datafield tag="952" ind1=" " ind2=" ">
    <subfield code="0">0</subfield>
    <subfield code="1">0</subfield>
    <subfield code="4">0</subfield>
    <subfield code="6">632_000000000000000_COL_1992_A052_OR</subfield>
    <subfield code="7">0</subfield>
    <subfield code="9">67347</subfield>
    <subfield code="a">LBA</subfield>
    <subfield code="b">LBA</subfield>
    <subfield code="c">A052</subfield>
    <subfield code="d">2017-10-25</subfield>
    <subfield code="o">632 COL 1992 A052 Or.</subfield>
    <subfield code="p">A21768</subfield>
    <subfield code="r">2017-10-25</subfield>
    <subfield code="y">EK</subfield>
  </datafield>
  <datafield tag="952" ind1=" " ind2=" ">
    <subfield code="0">0</subfield>
    <subfield code="1">0</subfield>
    <subfield code="4">0</subfield>
    <subfield code="6">632_000000000000000_COL_1992_A052_OR</subfield>
    <subfield code="7">0</subfield>
    <subfield code="9">67348</subfield>
    <subfield code="a">LBA</subfield>
    <subfield code="b">LBA</subfield>
    <subfield code="c">A052</subfield>
    <subfield code="d">2017-10-25</subfield>
    <subfield code="o">632 COL 1992 A052 Or.</subfield>
    <subfield code="p">A22476</subfield>
    <subfield code="r">2017-10-25</subfield>
    <subfield code="y">EK</subfield>
  </datafield>
</record>
